Регионална библиотека "Любен Каравелов" - Русе

Празниците в детската градина (Запис номер 19455)

MARC детайли
000 -Лидер
Контролно поле с фиксирана дължина 01962nam a2200421 c 4500
003 - Код на организацията, давaща контролен номер
Контролно поле BLK
005 - Дата и час на последна редакция
Контролно поле 20250307170538.0
008 - Елементи от данни с фиксирана дължина
fixed length control field 180413b bul|||||r ||||||| ||bul||
010 ## - Наследен системен номер
LC control number KNG00021588000
020 ## - Международен стандартен номер на книга ISBN
Международен стандартен номер на книга ISBN 978-954-18-0758-3
040 ## - Източник на каталожния запис
Идентификатор на билиотеката - собственик на записа BLK
041 ## - Код за език
Код за езика на текст/звукозапис или на отделно заглавие Български
Код за езика КДБФ Български
080 ## - УДК
Текстов определител УДК Съдържание, учебна програма, учебни предмети в предучилищното образование
УДК код - определител по УДК 373.2.016
УДК - код + определител 373.2.016
080 ## - УДК
Текстов определител УДК Българска литература
УДК код - определител по УДК 821.163.2
УДК определител -93-2
УДК - код + определител 821.163.2-93-2
100 ## - Редна дума - Автор
Автор Терзиева, Маргарита Тодорова
R(LIN) 253479
139 ## - Редно поле
Редна дума Празниците в детската градина
Авторски знак Правилн - П 84
245 10 - Сведения за заглавието
Заглавие Празниците в детската градина
Подзаглавни данни Сб. със сценарии и разработки за ІІІ група
Редно поле (дума) Маргарита Тодорова Терзиева.
257 ## - Страна на издаване
Страна на създаване/издаване България
260 ## - Област на издателските данни
Име на издателя, разпространителя и проч. Булвест 2000
-- Анубис
Година на издаване 2010
Печатница София : Вулкан
Място на издаване, разпространение и проч. София
300 ## - Физическа характеристика
Страници 80 с.
Размери/Мащаб 23 см
380 ## - Жанр
Жанр Обществени науки
490 ## - СЕРИИ (Колекции)
Име на серия Приказни пътечки)(Приятели
500 ## - Общи забележки
Забележка Други авт. : М. Терзиева, К. Кръстева, Д. Стефанова, А. Николова, Р. Свирецова, О. Георгиева, М. Стефанова, Р. Стоянова, Ат. Мирчева. - Библиогр. с. 76-78.
650 #0 - Допълнително описание по предмет – тема
Основно описание – тема или топоним Детски градини - учебно-възпитателна работа
9 (RLIN) 245906
653 ## - Ключова дума – ненормативна
Ключова дума детски градини
653 ## - Ключова дума – ненормативна
Ключова дума празници
653 ## - Ключова дума – ненормативна
Ключова дума учебно-възпитателна работа
653 ## - Ключова дума – ненормативна
Ключова дума сценарии
659 ## - Тематичен бюлетин
Тематичен бюлетин Н
852 ## - Местоположение
Форматна сигнатура Цб 251371
856 4# - Електронен адрес и достъп
Електронен формат pdf - файл
Път до файла /url/
856 4# - Електронен адрес и достъп
Електронен формат pdf - файл
Път до файла /url/
942 ## - АРТИКУЛИ
Вид на библиотечния материал Книги
Скрит в OPAC Не
Koha issues (borrowed), all copies 5
944 ## - СЪЗДАВАНЕ И РЕДАКЦИЯ на ЗАПИСА
Създаване/Редакция Създаване
Дата на регистрацията/редакция 25.03.2011
Статус, дата на статуса Цветомила Тодорова
Служител, извършил регистрацията/редакцията 30576
944 ## - СЪЗДАВАНЕ И РЕДАКЦИЯ на ЗАПИСА
Създаване/Редакция Редакция
Дата на регистрацията/редакция 15.04.2011
Статус, дата на статуса ф /
999 ## - СИСТЕМНИ КОНТРОЛНИ НОМЕРА
Koha biblionumber 19455
Koha biblioitemnumber 19455
999 ## - СИСТЕМНИ КОНТРОЛНИ НОМЕРА
Koha biblioitemnumber 19455
999 ## - СИСТЕМНИ КОНТРОЛНИ НОМЕРА
Koha biblioitemnumber 19455
Наличности
Код за отписване Код за изгубен артикул Код за повреда Коз за рестрикции Код за отдаване Артикулен № Име на библиотеката - собственик Име на библиотеката, в която се намира в момента Статус (Текущо местоположение) Дата на вписване в системата Местоположение - отдел Цена в лева Инвентарен номер Систематично азбучна сигнатура Баркод Номер на екземпляра Цена в евро Служебна бележка Служебен тип на артикула Източник на класификационната схема
  Не е изгубен Не е повреден без рестрикции ползва се в читалня 32435 Регионална библиотека "Любен Каравелов" Русе Регионална библиотека "Любен Каравелов" Русе Хранилище 2011-03-23 Хранилище 4.00 120000750031 Цб 251371 120000750031 1 2.05 Дост: Dp Вид: Д N: 28 Дата: 14.07.2010 Книги  
  Не е изгубен Не е повреден без рестрикции заемане за дома 32436 Регионална библиотека "Любен Каравелов" Русе Регионална библиотека "Любен Каравелов" Русе Детски отдел 2011-03-29 Детски отдел 4.00 120000750195 ДН 372.3/П 84 120000750195 2 2.05 Дост: DA Вид: А N: 4 Дата: 29.03.2011 Дата инв: 21.08.2015 Бележки инв: Д2015 Книги  
  Не е изгубен Не е повреден   заемане за дома 942475 Регионална библиотека "Любен Каравелов" Русе Регионална библиотека "Любен Каравелов" Русе Заемна - подръчен фонд 2024-04-19 Заемна - подръчен фонд 4.00 120000901498 373.2.016/П 84 120000901498   2.05   Книги Universal Decimal Classification
Vip Innovations Ltd, Rousse, Bulgaria 2025